| 000 | 01449nam a2200241Ia 4500 | ||
|---|---|---|---|
| 003 | Ost | ||
| 005 | 20260507075356.0 | ||
| 008 | 260507s9999||||xx |||||||||||||| ||und|| | ||
| 020 | _a53963419779 | ||
| 040 | _cfsecg | ||
| 041 | _aara | ||
| 082 | _a330 | ||
| 100 |
_aالدهراوي، كمال الدين _eمؤلف |
||
| 245 | 0 |
_aالمحاسبة المالية المتقدمة وفقا لأحدث المعايير الدولية / _c كمال الدين الدهراوي |
|
| 260 |
_aالإسكندرية: _bدار التعليم الجامعي, _c2011 |
||
| 300 |
_a399 صفحة؛ _bإيضاحات ؛ _c24 سم |
||
| 520 | _aالمحاسبة عن انضمام واندماج الشركات- المحاسبة عن الإستثمارات طويلة الاجل- تجميع القوائم المالية في تاريخ الشراء- تجميع القوائم المالية في تاريخ لاحق لتاريخ الشراء- اعداد القوائم المجمعة مع وجود العمليات المتبادلة- المحاسبة عن المعاملات بالعملة الاجنبية- ترجمة القوائم المالية المقاسة بالعملة الاجنبية- التقارير القطاعية | ||
| 653 | _aالإدارة المالية | ||
| 653 | _aالمحاسبة | ||
| 653 | _aمحاسبة الشركات | ||
| 700 |
_aهلال، عبد الله عبد العظيم _eمؤلف ثانوي |
||
| 942 | _cكتاب | ||
| 999 |
_c44231 _d44231 |
||